Jeux vidéos avec leur jaquette floutée - Statistiques

Statistiques générales
  • Ce quiz a été pris 683 fois
    224 depuis la dernière actualisation
  • Le résultat moyen est 7 sur 10
Statistiques - réponses
Par images Réponse % Correct
Minecraft
97%
FIFA 25
95%
Elden Ring
89%
GTA 5
82%
Mario kart 8
81%
Assassin’s Creed Odyssey
70%
Red Dead Redemption II
70%
Just Dance 2025
58%
Super Mario Bros
49%
Modern Warfare III
32%
Aucun quiz correspondant
Distribution des résultats
% des personnes avec chaque résultat
Percentile par nombre de réponses
Votre historique - résultats
Vous n’avez pas pris ce quiz depuis la dernière actualisation